The chaperone / (Record no. 84643)
[ view plain ]
| 000 -LEADER | |
|---|---|
| fixed length control field | 01841pam a2200433 a 4500 |
| 001 - CONTROL NUMBER | |
| control field | BK0010335223 |
| 003 - CONTROL NUMBER IDENTIFIER | |
| control field | DLC |
| 005 - DATE AND TIME OF LATEST TRANSACTION | |
| control field | 20241220132428.0 |
| 008 - FIXED-LENGTH DATA ELEMENTS--GENERAL INFORMATION | |
| fixed length control field | 120118s2012 nyu 000 1 eng |
| 010 ## - LIBRARY OF CONGRESS CONTROL NUMBER | |
| LC control number | 2011052222 |
| 020 ## - INTERNATIONAL STANDARD BOOK NUMBER | |
| International Standard Book Number | 9781594487019 : HRD |
| Terms of availability | $26.95 |
| 020 ## - INTERNATIONAL STANDARD BOOK NUMBER | |
| International Standard Book Number | 1594487014 : HRD |
| Terms of availability | $26.95 |
| 037 ## - SOURCE OF ACQUISITION | |
| Source of stock number/acquisition | Penguin Group USA, Attn: Order Processing 405 Murray Hill Pkwy, East Rutherford, NJ, USA, 07073-2136 |
| Note | SAN 282-5074 |
| 040 ## - CATALOGING SOURCE | |
| Original cataloging agency | DLC |
| Transcribing agency | DLC |
| Modifying agency | NjBwBT |
| -- | IMmBT |
| 050 00 - LIBRARY OF CONGRESS CALL NUMBER | |
| Classification number | PS3613.O75 |
| Item number | C47 2012 |
| 082 00 - DEWEY DECIMAL CLASSIFICATION NUMBER | |
| Classification number | 813/.6 |
| Edition number | 23 |
| 084 ## - OTHER CLASSIFICATION NUMBER | |
| Classification number | FIC014000 |
| 084 ## - OTHER CLASSIFICATION NUMBER | |
| Classification number | FIC041000 |
| 084 ## - OTHER CLASSIFICATION NUMBER | |
| Classification number | FIC019000 |
| Source of number | bisacsh |
| 092 ## - LOCALLY ASSIGNED DEWEY CALL NUMBER (OCLC) | |
| Classification number | 813.6000 |
| 092 ## - LOCALLY ASSIGNED DEWEY CALL NUMBER (OCLC) | |
| Classification number | MORIARTY |
| 100 1# - MAIN ENTRY--PERSONAL NAME | |
| Personal name | Moriarty, Laura, |
| Dates associated with a name | 1970- |
| 9 (RLIN) | 5873706 |
| 245 14 - TITLE STATEMENT | |
| Title | The chaperone / |
| Statement of responsibility, etc | Laura Moriarty. |
| 260 ## - PUBLICATION, DISTRIBUTION, ETC. (IMPRINT) | |
| Place of publication, distribution, etc | New York : |
| Name of publisher, distributor, etc | Riverhead Books, |
| Date of publication, distribution, etc | c2012. |
| 300 ## - PHYSICAL DESCRIPTION | |
| Extent | 371 p. ; |
| Dimensions | 24 cm. |
| 520 ## - SUMMARY, ETC. | |
| Summary, etc | "A novel about the friendship between an adolescent, pre-movie-star Louise Brooks, and the 36-year-old woman who chaperones her to New York City for a summer, in 1922, and how it changes both their lives"-- |
| -- | Provided by publisher. |
| 600 10 - SUBJECT ADDED ENTRY--PERSONAL NAME | |
| Personal name | Brooks, Louise, |
| Dates associated with a name | 1906-1985 |
| Form subdivision | Fiction. |
| 9 (RLIN) | 6235883 |
| 650 #0 - SUBJECT ADDED ENTRY--TOPICAL TERM | |
| Topical term or geographic name as entry element | Motion picture actors and actresses |
| Form subdivision | Fiction. |
| 9 (RLIN) | 5673798 |
| 650 #0 - SUBJECT ADDED ENTRY--TOPICAL TERM | |
| Topical term or geographic name as entry element | Middle-aged women |
| Form subdivision | Fiction. |
| 9 (RLIN) | 5674258 |
| 651 #0 - SUBJECT ADDED ENTRY--GEOGRAPHIC NAME | |
| Geographic name | New York (N.Y.) |
| General subdivision | History |
| Chronological subdivision | 1898-1951 |
| Form subdivision | Fiction. |
| 9 (RLIN) | 5707888 |
| 651 #0 - SUBJECT ADDED ENTRY--GEOGRAPHIC NAME | |
| Geographic name | New York (N.Y.) |
| General subdivision | Social life and customs |
| Form subdivision | Fiction. |
| 9 (RLIN) | 5779083 |
| 655 #7 - INDEX TERM--GENRE/FORM | |
| Genre/form data or focus term | Biographical fiction. |
| Source of term | gsafd |
| 9 (RLIN) | 6235884 |
| 650 #7 - SUBJECT ADDED ENTRY--TOPICAL TERM | |
| Topical term or geographic name as entry element | FICTION / Historical. |
| Source of heading or term | bisacsh |
| 9 (RLIN) | 5673672 |
| 650 #7 - SUBJECT ADDED ENTRY--TOPICAL TERM | |
| Topical term or geographic name as entry element | FICTION / Biographical. |
| Source of heading or term | bisacsh |
| 9 (RLIN) | 5681328 |
| 650 #7 - SUBJECT ADDED ENTRY--TOPICAL TERM | |
| Topical term or geographic name as entry element | FICTION / Literary. |
| Source of heading or term | bisacsh |
| 9 (RLIN) | 5675423 |
| 856 42 - ELECTRONIC LOCATION AND ACCESS | |
| Materials specified | Cover image |
| Uniform Resource Identifier | <a href="ftp://ppftpuser:welcome@ftp01.penguingroup.com/Booksellers and Media/Covers/2008_2009_New_Covers/9781594487019.jpg">ftp://ppftpuser:welcome@ftp01.penguingroup.com/Booksellers and Media/Covers/2008_2009_New_Covers/9781594487019.jpg</a> |
| 942 ## - ADDED ENTRY ELEMENTS (KOHA) | |
| Koha item type | BOOK |
| 998 ## - LOCAL CONTROL INFORMATION (RLIN) | |
| -- | a152140 |
| Withdrawn status | Lost status | Source of classification or shelving scheme | Damaged status | Not for loan | Collection code | Home library | Current library | Shelving location | Date acquired | Source of acquisition | Cost, normal purchase price | Total Checkouts | Total Renewals | Full call number | Barcode | Date last seen | Date checked out | Cost, replacement price | Price effective from | Koha item type |
|---|---|---|---|---|---|---|---|---|---|---|---|---|---|---|---|---|---|---|---|---|
| Dewey Decimal Classification | Fiction | Wasatch County Library | Wasatch County Library | First Floor | 07/28/2012 | Amazon | 26.95 | 24 | 2 | F Moriarty | 34301001113663 | 11/10/2025 | 11/05/2025 | 26.95 | 03/20/2020 | BOOK |
